000 00530 a2200193 4500
005 20240701110336.0
008 240621b |||||||| |||| 00| 0 eng d
020 _a9781032644608
_cRs. 1295.00
040 _aMAIN
082 _a181.45
_bP212U
100 _aParanjpe, Anand C
245 _aUnderstanding yoga psychology: Indigenous psychology with global relevance
260 _bRoutledge
_c2024
_aNew York
300 _axiii, 155
650 _aYoga
650 _aPsychology-Yoga
650 _aYoga Psychology
942 _cBK
999 _c312773
_d312773